000 02233ncm0a2200397 4500
001 RU\NLR\ONIZ\212384
005 20250624195726.0
010 _a978-5-9960-0001-2
021 _aRU
_b08-413н
_908-25н
035 _aRU\NLR\ONIZ\Таня\5000002618\20150727120134
035 _a(NLR Aleph) 010891910
090 _a10558760
_c10558760
100 _a20150727d2008 |||y0rusy50 ca
101 0 _atat
102 _aRU
125 _azx
145 0 _au
200 1 _aҖыр белǝн яшǝрǝ кұңеллǝр
_bНоты
_eучебное пособие по сольфеджио на авторском песенном материале
_fЛ. Ахунжанова (Л. З. Бородовская) ; авт.-сост. Л. З. Бородовская
210 _aКазань
_cКГУКИ
_d2008
215 _a50 с.
_d29 см
300 _a[Название в переводе с татарского: С песней молодеет душа]
300 _aЛит. текст тат.
313 _aСистематизация документа проведена по изданию - Методика классифицирования музыкальных произведений (нотных изданий) по таблицам Библиотечно-библиографических классификаций : метод. рекомендации / Гос. б-ка СССР им. В.И. Ленина.- М., 1977. Индексу ББК методических рекомендаций присваивается код ББК для научных библиотек - LBC/SL
500 0 0 _aС песней молодеет душа
_k2008
_lучебное пособие по сольфеджио
686 _aЩ907.11(2Р=Тата)
_vLBC/SL
_2rubbk
700 1 _9z02790
_aАхунжанова
_bЛ.
_gЛилия
_4070
_4230
_4220
_7ca
790 1 _9z02700
_aAchunžanova
_bL.
_gLilija
_4070
_4230
_4220
_7ba
801 0 _aRU
_bNLR
_c20150727
_gPSBO
801 1 _aRU
_bNLR
_c20150727
_2rusmarc
801 2 _aRU
_bNLR
_c20190630
852 _aNLR
_bМ
_jК-3/23829
_pМОЭ 2008-25н/413н
_t1
852 _aNLR
_bМ
_jК-3/23829а
_pМОЭ 2008-25н/413на
_t2
942 _cSCORE
980 _aNB
980 _aONIZ